[Event "DVM U10 2023"]
[Site "Magdeburg GER"]
[Date "2023.12.29"]
[Round "7"]
[White "Nida-Rümelin, Noel"]
[Black "Mandziuk, Varvara"]
[Result "0-1"]
[Termination "normal"]
[Board "5.3"]
[WhiteElo "796"]
[BlackElo "1136"]
[WhiteClock "00:22:47"]
[BlackClock "00:22:03"]
[WhiteTeam "MSA Zugzwang 82"]
[BlackTeam "SF München"]
[PlyCount "120"]
[BlackFideId "34638016"]
[EventCountry "GER"]
[EventRounds "7"]
[EventType "team-swiss"]
[EventDate "2023.12.27"]

1. d4 {[%clk 00:55:07]} {[%emt 00:00:02]} d5 {[%clk 00:55:02]} {[%emt
00:00:09]} 2. c4 {[%clk 00:54:38]} {[%emt 00:00:35]} Nf6 {[%clk 00:54:48]}
{[%emt 00:00:19]} 3. Bf4 {[%clk 00:54:09]} {[%emt 00:00:33]} Nc6 {[%clk
00:53:33]} {[%emt 00:01:20]} 4. e3 {[%clk 00:53:34]} {[%emt 00:00:40]} Bf5
{[%clk 00:53:12]} {[%emt 00:00:25]} 5. Nd2 {[%clk 00:53:09]} {[%emt 00:00:30]}
e6 {[%clk 00:53:03]} {[%emt 00:00:16]} 6. Ngf3 {[%clk 00:52:48]} {[%emt
00:00:25]} Bd6 {[%clk 00:52:38]} {[%emt 00:00:30]} 7. Bxd6 {[%clk 00:51:51]}
{[%emt 00:01:02]} cxd6 {[%clk 00:52:01]} {[%emt 00:00:43]} 8. cxd5 {[%clk
00:51:43]} {[%emt 00:00:12]} exd5 {[%clk 00:51:15]} {[%emt 00:00:51]} 9. Be2
{[%clk 00:51:23]} {[%emt 00:00:24]} Nb4 {[%clk 00:50:27]} {[%emt 00:00:54]} 10.
Qa4+ {[%clk 00:50:29]} {[%emt 00:00:58]} Nc6 {[%clk 00:50:07]} {[%emt
00:00:25]} 11. O-O {[%clk 00:49:10]} {[%emt 00:01:24]} O-O {[%clk 00:49:43]}
{[%emt 00:00:30]} 12. Bb5 {[%clk 00:48:03]} {[%emt 00:01:11]} Qc7 {[%clk
00:49:08]} {[%emt 00:00:41]} 13. Rac1 {[%clk 00:47:17]} {[%emt 00:00:51]} Rfc8
{[%clk 00:48:35]} {[%emt 00:00:39]} 14. Rc3 {[%clk 00:46:06]} {[%emt 00:01:15]}
a6 {[%clk 00:48:27]} {[%emt 00:00:13]} 15. Be2 {[%clk 00:46:02]} {[%emt
00:00:08]} b5 {[%clk 00:47:09]} {[%emt 00:01:22]} 16. Qd1 {[%clk 00:44:35]}
{[%emt 00:01:33]} b4 {[%clk 00:46:21]} {[%emt 00:00:54]} 17. Rc1 {[%clk
00:44:16]} {[%emt 00:00:23]} a5 {[%clk 00:44:58]} {[%emt 00:01:29]} 18. Re1
{[%clk 00:43:15]} {[%emt 00:01:04]} a4 {[%clk 00:44:35]} {[%emt 00:00:28]} 19.
Nf1 {[%clk 00:43:02]} {[%emt 00:00:19]} Ne4 {[%clk 00:41:14]} {[%emt 00:03:27]}
20. Nh4 {[%clk 00:41:06]} {[%emt 00:02:00]} Bd7 {[%clk 00:41:00]} {[%emt
00:00:20]} 21. Bb5 {[%clk 00:39:10]} {[%emt 00:02:01]} a3 {[%clk 00:39:00]}
{[%emt 00:02:06]} 22. b3 {[%clk 00:38:05]} {[%emt 00:01:07]} Nc3 {[%clk
00:38:25]} {[%emt 00:00:42]} 23. Qd3 {[%clk 00:36:06]} {[%emt 00:02:02]} Nxa2
{[%clk 00:37:06]} {[%emt 00:01:25]} 24. Rc2 {[%clk 00:35:41]} {[%emt 00:00:29]}
Nc3 {[%clk 00:36:54]} {[%emt 00:00:18]} 25. Bxc6 {[%clk 00:35:07]} {[%emt
00:00:40]} Bxc6 {[%clk 00:35:52]} {[%emt 00:01:07]} 26. Ng3 {[%clk 00:34:18]}
{[%emt 00:00:53]} a2 {[%clk 00:35:39]} {[%emt 00:00:19]} 27. Ra1 {[%clk
00:34:06]} {[%emt 00:00:15]} Ra3 {[%clk 00:34:19]} {[%emt 00:01:25]} 28. Ne2
{[%clk 00:33:37]} {[%emt 00:00:32]} Rxb3 {[%clk 00:33:46]} {[%emt 00:00:42]}
29. Nxc3 {[%clk 00:33:12]} {[%emt 00:00:30]} bxc3 {[%clk 00:33:20]} {[%emt
00:00:31]} 30. Rxc3 {[%clk 00:32:50]} {[%emt 00:00:27]} Rxc3 {[%clk 00:30:25]}
{[%emt 00:03:00]} 31. Qxc3 {[%clk 00:32:43]} {[%emt 00:00:10]} Qa7 {[%clk
00:30:22]} {[%emt 00:00:09]} 32. Qb2 {[%clk 00:31:05]} {[%emt 00:01:44]} Ra8
{[%clk 00:29:47]} {[%emt 00:00:40]} 33. Nf5 {[%clk 00:30:22]} {[%emt 00:00:47]}
h6 {[%clk 00:28:00]} {[%emt 00:01:53]} 34. Ng3 {[%clk 00:29:23]} {[%emt
00:01:03]} Qa3 {[%clk 00:27:35]} {[%emt 00:00:25]} 35. Qxa3 {[%clk 00:28:57]}
{[%emt 00:00:37]} Rxa3 {[%clk 00:27:23]} {[%emt 00:00:17]} 36. Ne2 {[%clk
00:28:42]} {[%emt 00:00:19]} Rb3 {[%clk 00:26:38]} {[%emt 00:00:50]} 37. Nc3
{[%clk 00:25:57]} {[%emt 00:02:50]} Rxc3 {[%clk 00:26:26]} {[%emt 00:00:18]}
38. Kf1 {[%clk 00:25:53]} {[%emt 00:00:09]} Bb5+ {[%clk 00:25:58]} {[%emt
00:00:33]} 39. Ke1 {[%clk 00:25:45]} {[%emt 00:00:13]} Bc4 {[%clk 00:25:56]}
{[%emt 00:00:07]} 40. Kd2 {[%clk 00:25:41]} {[%emt 00:00:08]} Rb3 {[%clk
00:24:52]} {[%emt 00:01:10]} 41. Kc2 {[%clk 00:25:37]} {[%emt 00:00:09]} Rb5
{[%clk 00:24:03]} {[%emt 00:00:52]} 42. f3 {[%clk 00:24:56]} {[%emt 00:00:47]}
f6 {[%clk 00:23:46]} {[%emt 00:00:23]} 43. e4 {[%emt 00:00:16]} dxe4 {[%clk
00:23:32]} {[%emt 00:00:17]} 44. fxe4 {[%clk 00:24:42]} {[%emt 00:00:10]} Kf7
{[%clk 00:23:29]} {[%emt 00:00:08]} 45. d5 {[%clk 00:24:24]} {[%emt 00:00:23]}
Ke7 {[%clk 00:23:24]} {[%emt 00:00:10]} 46. Kc3 {[%clk 00:24:19]} {[%emt
00:00:10]} Rb1 {[%clk 00:23:14]} {[%emt 00:00:15]} 47. Kxc4 {[%clk 00:23:53]}
{[%emt 00:00:30]} Rxa1 {[%clk 00:23:08]} {[%emt 00:00:11]} 48. Kb3 {[%clk
00:23:50]} {[%emt 00:00:09]} g5 {[%clk 00:23:00]} {[%emt 00:00:13]} 49. Kb2
{[%clk 00:23:48]} {[%emt 00:00:07]} Rg1 {[%clk 00:22:54]} {[%emt 00:00:11]} 50.
Kxa2 {[%emt 00:00:09]} Rxg2+ {[%clk 00:22:48]} {[%emt 00:00:09]} 51. Kb3 {[%clk
00:23:50]} {[%emt 00:00:01]} Rxh2 {[%clk 00:22:38]} {[%emt 00:00:15]} 52. e5
{[%clk 00:23:47]} {[%emt 00:00:08]} f5 {[%clk 00:22:32]} {[%emt 00:00:10]} 53.
exd6+ {[%clk 00:23:34]} {[%emt 00:00:19]} Kxd6 {[%clk 00:22:23]} {[%emt
00:00:13]} 54. Kb4 {[%clk 00:23:32]} {[%emt 00:00:07]} f4 {[%clk 00:22:19]}
{[%emt 00:00:09]} 55. Kb5 {[%clk 00:23:31]} {[%emt 00:00:07]} f3 {[%clk
00:22:15]} {[%emt 00:00:09]} 56. Kb6 {[%clk 00:23:30]} {[%emt 00:00:07]} f2
{[%clk 00:22:14]} {[%emt 00:00:04]} 57. Kb7 {[%clk 00:23:26]} {[%emt 00:00:09]}
f1=Q {[%clk 00:22:08]} {[%emt 00:00:12]} 58. Kc8 {[%clk 00:23:23]} {[%emt
00:00:08]} Qc4+ {[%clk 00:22:03]} {[%emt 00:00:09]} 59. Kd8 {[%clk 00:22:48]}
{[%emt 00:00:41]} Qc7+ {[%clk 00:22:03]} {[%emt 00:00:05]} 60. Ke8 {[%clk
00:22:47]} {[%emt 00:00:06]} Qe7# {[%emt 00:00:05]} 0-1

[Event "DVM U10 2023"]
[Site "Magdeburg GER"]
[Date "2023.12.29"]
[Round "7"]
[White "Teichmann, Fabian"]
[Black "Chen, Kevin"]
[Result "1-0"]
[Termination "normal"]
[Board "5.4"]
[WhiteElo "1095"]
[BlackElo "942"]
[WhiteClock "00:50:40"]
[BlackClock "00:34:21"]
[WhiteTeam "SF München"]
[BlackTeam "MSA Zugzwang 82"]
[PlyCount "57"]
[WhiteFideId "34637249"]
[BlackFideId "34688455"]
[EventCountry "GER"]
[EventRounds "7"]
[EventType "team-swiss"]
[EventDate "2023.12.27"]

1. e4 {[%clk 00:55:07]} {[%emt 00:00:02]} e5 {[%clk 00:55:04]} {[%emt
00:00:06]} 2. Nf3 {[%clk 00:55:06]} {[%emt 00:00:06]} Nc6 {[%clk 00:54:55]}
{[%emt 00:00:15]} 3. Bc4 {[%clk 00:55:03]} {[%emt 00:00:07]} Bc5 {[%clk
00:54:44]} {[%emt 00:00:17]} 4. d3 {[%clk 00:55:02]} {[%emt 00:00:06]} Nf6
{[%clk 00:54:34]} {[%emt 00:00:15]} 5. Bg5 {[%clk 00:55:00]} {[%emt 00:00:05]}
Be7 {[%clk 00:54:08]} {[%emt 00:00:32]} 6. Nc3 {[%clk 00:54:58]} {[%emt
00:00:07]} O-O {[%clk 00:53:24]} {[%emt 00:00:49]} 7. O-O {[%clk 00:54:57]}
{[%emt 00:00:06]} d6 {[%clk 00:52:54]} {[%emt 00:00:36]} 8. h3 {[%clk
00:54:55]} {[%emt 00:00:06]} Nd4 {[%clk 00:52:10]} {[%emt 00:00:50]} 9. Nxd4
{[%clk 00:53:22]} {[%emt 00:01:38]} exd4 {[%clk 00:51:58]} {[%emt 00:00:16]}
10. Bxf6 {[%clk 00:53:20]} {[%emt 00:00:07]} Bxf6 {[%clk 00:51:53]} {[%emt
00:00:11]} 11. Nd5 {[%clk 00:52:50]} {[%emt 00:00:34]} c6 {[%clk 00:50:49]}
{[%emt 00:01:09]} 12. Nf4 {[%clk 00:52:41]} {[%emt 00:00:13]} Be5 {[%clk
00:49:28]} {[%emt 00:01:28]} 13. Ne2 {[%clk 00:52:32]} {[%emt 00:00:13]} Be6
{[%clk 00:48:48]} {[%emt 00:00:45]} 14. Bb3 {[%clk 00:52:06]} {[%emt 00:00:31]}
Qg5 {[%clk 00:47:38]} {[%emt 00:01:16]} 15. f4 {[%clk 00:52:00]} {[%emt
00:00:10]} Qg6 {[%clk 00:43:53]} {[%emt 00:03:51]} 16. fxe5 {[%clk 00:51:56]}
{[%emt 00:00:08]} Bxh3 {[%clk 00:43:42]} {[%emt 00:00:17]} 17. Nf4 {[%clk
00:51:49]} {[%emt 00:00:11]} Qg4 {[%clk 00:42:03]} {[%emt 00:01:45]} 18. Nxh3
{[%clk 00:51:42]} {[%emt 00:00:12]} Qxd1 {[%clk 00:41:59]} {[%emt 00:00:08]}
19. Raxd1 {[%clk 00:51:40]} {[%emt 00:00:08]} dxe5 {[%clk 00:41:58]} {[%emt
00:00:06]} 20. Rf5 {[%clk 00:51:32]} {[%emt 00:00:13]} Rae8 {[%clk 00:40:52]}
{[%emt 00:01:11]} 21. Rdf1 {[%clk 00:51:19]} {[%emt 00:00:17]} Re7 {[%clk
00:38:37]} {[%emt 00:02:20]} 22. Ng5 {[%clk 00:51:13]} {[%emt 00:00:11]} g6
{[%clk 00:37:04]} {[%emt 00:01:39]} 23. Rxf7 {[%clk 00:51:03]} {[%emt
00:00:14]} Rexf7 {[%clk 00:36:17]} {[%emt 00:00:53]} 24. Bxf7+ {[%clk
00:50:52]} {[%emt 00:00:15]} Kg7 {[%clk 00:35:37]} {[%emt 00:00:46]} 25. Ne6+
{[%clk 00:50:50]} {[%emt 00:00:06]} Kh8 {[%clk 00:35:23]} {[%emt 00:00:19]} 26.
Nxf8 {[%clk 00:50:45]} {[%emt 00:00:11]} b5 {[%clk 00:35:10]} {[%emt 00:00:18]}
27. Be8 {[%clk 00:50:40]} {[%emt 00:00:09]} b4 {[%clk 00:34:43]} {[%emt
00:00:32]} 28. Ne6 {[%clk 00:50:40]} {[%emt 00:00:05]} c5 {[%clk 00:34:21]}
{[%emt 00:00:28]} 29. Rf8# {[%emt 00:00:05]} 1-0

[Event "DVM U10 2023"]
[Site "Magdeburg GER"]
[Date "2023.12.29"]
[Round "7"]
[White "Tischlinger, Lara"]
[Black "Andersen, Jonathan"]
[Result "0-1"]
[Termination "normal"]
[Board "6.1"]
[WhiteElo "1312"]
[BlackElo "1488"]
[WhiteClock "00:00:12"]
[BlackClock "00:26:34"]
[WhiteTeam "SK Weisse Dame Hamburg"]
[BlackTeam "SK Johanneum Eppendorf"]
[PlyCount "114"]
[WhiteFideId "34663401"]
[BlackFideId "34623884"]
[EventCountry "GER"]
[EventRounds "7"]
[EventType "team-swiss"]
[EventDate "2023.12.27"]

1. e4 {[%clk 00:55:07]} {[%emt 00:00:02]} e5 {[%clk 00:55:07]} {[%emt
00:00:05]} 2. Nf3 {[%clk 00:55:05]} {[%emt 00:00:06]} Nc6 {[%clk 00:55:08]}
{[%emt 00:00:04]} 3. d4 {[%clk 00:55:02]} {[%emt 00:00:08]} exd4 {[%clk
00:55:09]} {[%emt 00:00:04]} 4. Nxd4 {[%clk 00:55:02]} {[%emt 00:00:05]} Nf6
{[%clk 00:55:06]} {[%emt 00:00:08]} 5. Nxc6 {[%clk 00:54:59]} {[%emt 00:00:08]}
bxc6 {[%clk 00:55:07]} {[%emt 00:00:04]} 6. e5 {[%clk 00:54:57]} {[%emt
00:00:07]} Qe7 {[%clk 00:54:54]} {[%emt 00:00:18]} 7. Qe2 {[%clk 00:54:56]}
{[%emt 00:00:06]} Nd5 {[%clk 00:54:51]} {[%emt 00:00:07]} 8. c4 {[%clk
00:54:55]} {[%emt 00:00:07]} Ba6 {[%clk 00:54:47]} {[%emt 00:00:09]} 9. Qe4
{[%clk 00:54:29]} {[%emt 00:00:31]} Nb6 {[%clk 00:54:12]} {[%emt 00:00:40]} 10.
b3 {[%clk 00:53:40]} {[%emt 00:00:54]} O-O-O {[%clk 00:53:26]} {[%emt
00:00:52]} 11. Be2 {[%clk 00:41:10]} {[%emt 00:12:34]} Re8 {[%clk 00:52:08]}
{[%emt 00:01:23]} 12. Bb2 {[%clk 00:28:41]} {[%emt 00:12:34]} f6 {[%clk
00:51:48]} {[%emt 00:00:25]} 13. f4 {[%clk 00:27:31]} {[%emt 00:01:15]} g5
{[%clk 00:46:52]} {[%emt 00:05:01]} 14. Bh5 {[%clk 00:23:45]} {[%emt 00:03:51]}
Rd8 {[%clk 00:44:10]} {[%emt 00:02:48]} 15. fxg5 {[%clk 00:21:36]} {[%emt
00:02:13]} fxe5 {[%clk 00:41:00]} {[%emt 00:03:14]} 16. Qxe5 {[%clk 00:19:35]}
{[%emt 00:02:06]} Qxe5+ {[%clk 00:40:42]} {[%emt 00:00:25]} 17. Bxe5 {[%clk
00:19:32]} {[%emt 00:00:08]} Bb4+ {[%clk 00:40:28]} {[%emt 00:00:18]} 18. Bc3
{[%clk 00:18:15]} {[%emt 00:01:21]} Bxc3+ {[%clk 00:40:04]} {[%emt 00:00:30]}
19. Nxc3 {[%clk 00:18:05]} {[%emt 00:00:14]} d5 {[%clk 00:39:37]} {[%emt
00:00:33]} 20. c5 {[%clk 00:14:27]} {[%emt 00:03:43]} Nd7 {[%clk 00:39:32]}
{[%emt 00:00:10]} 21. b4 {[%clk 00:14:03]} {[%emt 00:00:30]} d4 {[%clk
00:39:22]} {[%emt 00:00:14]} 22. Nd1 {[%clk 00:13:12]} {[%emt 00:00:56]} Ne5
{[%clk 00:38:59]} {[%emt 00:00:29]} 23. Rb1 {[%clk 00:10:40]} {[%emt 00:02:36]}
Rhg8 {[%clk 00:37:39]} {[%emt 00:01:25]} 24. h4 {[%clk 00:09:51]} {[%emt
00:00:54]} Rgf8 {[%clk 00:36:50]} {[%emt 00:00:54]} 25. a4 {[%clk 00:08:36]}
{[%emt 00:01:21]} Nc4 {[%clk 00:35:15]} {[%emt 00:01:39]} 26. Nf2 {[%clk
00:06:21]} {[%emt 00:02:20]} d3 {[%clk 00:33:47]} {[%emt 00:01:33]} 27. Ng4
{[%clk 00:04:06]} {[%emt 00:02:20]} Rf4 {[%clk 00:31:49]} {[%emt 00:02:03]} 28.
g3 {[%clk 00:02:48]} {[%emt 00:01:24]} Re4+ {[%clk 00:30:56]} {[%emt 00:00:58]}
29. Kf2 {[%clk 00:01:46]} {[%emt 00:01:07]} Re2+ {[%clk 00:30:12]} {[%emt
00:00:49]} 30. Kf3 {[%clk 00:01:19]} {[%emt 00:00:31]} Nd2+ {[%clk 00:30:09]}
{[%emt 00:00:08]} 31. Kf4 {[%clk 00:01:12]} {[%emt 00:00:12]} Rd4+ {[%clk
00:29:01]} {[%emt 00:01:13]} 32. Kf5 {[%clk 00:01:03]} {[%emt 00:00:14]} Nxb1
{[%clk 00:28:57]} {[%emt 00:00:09]} 33. Rxb1 {[%clk 00:00:52]} {[%emt
00:00:16]} d2 {[%clk 00:28:50]} {[%emt 00:00:12]} 34. Nf6 {[%clk 00:00:16]}
{[%emt 00:00:41]} Bd3+ {[%clk 00:28:18]} {[%emt 00:00:38]} 35. Ne4 {[%clk
00:00:13]} {[%emt 00:00:08]} Bxe4+ {[%clk 00:28:14]} {[%emt 00:00:08]} 36. Kf6
{[%clk 00:00:13]} {[%emt 00:00:05]} Bxb1 {[%clk 00:27:38]} {[%emt 00:00:40]}
37. Bxe2 {[%clk 00:00:15]} {[%emt 00:00:04]} d1=Q {[%clk 00:27:35]} {[%emt
00:00:08]} 38. Bxd1 {[%clk 00:00:18]} {[%emt 00:00:02]} Rxd1 {[%clk 00:27:25]}
{[%emt 00:00:14]} 39. h5 {[%clk 00:00:19]} {[%emt 00:00:05]} Rg1 {[%clk
00:27:20]} {[%emt 00:00:10]} 40. g6 {[%clk 00:00:16]} {[%emt 00:00:08]} Bxg6
{[%clk 00:27:13]} {[%emt 00:00:12]} 41. hxg6 {[%clk 00:00:15]} {[%emt
00:00:05]} hxg6 {[%clk 00:27:07]} {[%emt 00:00:12]} 42. Kxg6 {[%clk 00:00:16]}
{[%emt 00:00:05]} Rxg3+ {[%clk 00:27:03]} {[%emt 00:00:08]} 43. Kf5 {[%clk
00:00:16]} {[%emt 00:00:05]} Rb3 {[%clk 00:26:55]} {[%emt 00:00:13]} 44. b5
{[%clk 00:00:16]} {[%emt 00:00:05]} cxb5 {[%clk 00:26:54]} {[%emt 00:00:06]}
45. axb5 {[%clk 00:00:16]} {[%emt 00:00:05]} Rxb5 {[%clk 00:26:52]} {[%emt
00:00:07]} 46. Ke4 {[%clk 00:00:14]} {[%emt 00:00:08]} Rxc5 {[%clk 00:26:44]}
{[%emt 00:00:12]} 47. Kd4 {[%clk 00:00:15]} {[%emt 00:00:04]} Rc1 {[%clk
00:26:40]} {[%emt 00:00:09]} 48. Kd3 {[%clk 00:00:16]} {[%emt 00:00:04]} a5
{[%clk 00:26:41]} {[%emt 00:00:04]} 49. Kd4 {[%clk 00:00:17]} {[%emt 00:00:04]}
a4 {[%clk 00:26:41]} {[%emt 00:00:06]} 50. Ke4 {[%clk 00:00:17]} {[%emt
00:00:04]} Rd1 {[%clk 00:26:41]} {[%emt 00:00:05]} 51. Ke3 {[%clk 00:00:17]}
{[%emt 00:00:05]} a3 {[%clk 00:26:43]} {[%emt 00:00:03]} 52. Ke4 {[%clk
00:00:19]} {[%emt 00:00:04]} a2 {[%clk 00:26:45]} {[%emt 00:00:03]} 53. Ke5
{[%clk 00:00:19]} {[%emt 00:00:04]} a1=Q+ {[%clk 00:26:42]} {[%emt 00:00:08]}
54. Ke4 {[%clk 00:00:21]} {[%emt 00:00:03]} Qd4+ {[%clk 00:26:37]} {[%emt
00:00:09]} 55. Kf5 {[%clk 00:00:18]} {[%emt 00:00:09]} Rf1+ {[%clk 00:26:36]}
{[%emt 00:00:06]} 56. Kg5 {[%clk 00:00:13]} {[%emt 00:00:09]} Qg7+ {[%clk
00:26:34]} {[%emt 00:00:07]} 57. Kh4 {[%clk 00:00:12]} {[%emt 00:00:06]} Rh1#
{[%emt 00:00:06]} 0-1

[Event "DVM U10 2023"]
[Site "Magdeburg GER"]
[Date "2023.12.29"]
[Round "7"]
[White "Roycroft, Joris Brian"]
[Black "Horn, Niclas"]
[Result "1-0"]
[Termination "normal"]
[Board "6.2"]
[WhiteElo "1031"]
[BlackElo "1058"]
[WhiteClock "00:50:07"]
[BlackClock "00:48:53"]
[WhiteTeam "SK Johanneum Eppendorf"]
[BlackTeam "SK Weisse Dame Hamburg"]
[PlyCount "43"]
[BlackFideId "34663428"]
[EventCountry "GER"]
[EventRounds "7"]
[EventType "team-swiss"]
[EventDate "2023.12.27"]

1. e4 {[%clk 00:55:09]} {[%emt 00:00:01]} c5 {[%clk 00:55:06]} {[%emt
00:00:04]} 2. Nc3 {[%clk 00:55:10]} {[%emt 00:00:04]} e6 {[%clk 00:54:57]}
{[%emt 00:00:14]} 3. f4 {[%clk 00:55:11]} {[%emt 00:00:04]} a6 {[%clk
00:54:54]} {[%emt 00:00:07]} 4. Nf3 {[%clk 00:55:12]} {[%emt 00:00:05]} b5
{[%clk 00:54:51]} {[%emt 00:00:08]} 5. d3 {[%clk 00:54:55]} {[%emt 00:00:22]}
Bb7 {[%clk 00:54:49]} {[%emt 00:00:08]} 6. Ne2 {[%clk 00:54:50]} {[%emt
00:00:09]} d6 {[%clk 00:54:42]} {[%emt 00:00:12]} 7. Ng3 {[%clk 00:54:50]}
{[%emt 00:00:05]} Nf6 {[%clk 00:54:24]} {[%emt 00:00:23]} 8. Be3 {[%clk
00:54:47]} {[%emt 00:00:07]} Be7 {[%clk 00:54:21]} {[%emt 00:00:09]} 9. Be2
{[%clk 00:54:38]} {[%emt 00:00:14]} Nbd7 {[%clk 00:54:18]} {[%emt 00:00:08]}
10. O-O {[%clk 00:54:34]} {[%emt 00:00:08]} O-O {[%clk 00:54:18]} {[%emt
00:00:06]} 11. Qd2 {[%clk 00:54:20]} {[%emt 00:00:19]} Qc7 {[%clk 00:53:52]}
{[%emt 00:00:31]} 12. f5 {[%clk 00:52:08]} {[%emt 00:02:17]} exf5 {[%clk
00:53:31]} {[%emt 00:00:26]} 13. Nxf5 {[%clk 00:52:07]} {[%emt 00:00:05]} Ne5
{[%clk 00:52:55]} {[%emt 00:00:41]} 14. Bh6 {[%clk 00:51:32]} {[%emt 00:00:41]}
gxh6 {[%clk 00:52:31]} {[%emt 00:00:29]} 15. Qxh6 {[%clk 00:51:29]} {[%emt
00:00:08]} Ne8 {[%clk 00:52:10]} {[%emt 00:00:26]} 16. Nxe5 {[%clk 00:51:13]}
{[%emt 00:00:21]} dxe5 {[%clk 00:52:02]} {[%emt 00:00:13]} 17. Rf3 {[%clk
00:51:07]} {[%emt 00:00:10]} Kh8 {[%clk 00:51:30]} {[%emt 00:00:36]} 18. Rh3
{[%clk 00:50:51]} {[%emt 00:00:22]} Bh4 {[%clk 00:50:53]} {[%emt 00:00:43]} 19.
Rxh4 {[%clk 00:50:50]} {[%emt 00:00:06]} f6 {[%clk 00:50:49]} {[%emt 00:00:09]}
20. Rf1 {[%clk 00:50:22]} {[%emt 00:00:30]} Rf7 {[%clk 00:49:06]} {[%emt
00:01:51]} 21. Bh5 {[%clk 00:50:07]} {[%emt 00:00:19]} Re7 {[%clk 00:48:53]}
{[%emt 00:00:17]} 22. Qf8# {[%emt 00:00:08]} 1-0